15-Letter Vocabulary (Medium) Quiz Stats

 Plays Quiz Updated Jul 25, 2017

Support Sporcle.
Go Orange.
Score 0/25 Timer 10:00
1 Play Today
% Correct
cinematographer
94.2%
megacorporation
93.8%
microearthquake
93.6%
quarterfinalist
93.4%
professionalism
93.3%
methamphetamine
93.3%
counterproposal
93.3%
unsportsmanlike
93.2%
underprivileged
92.7%
procrastination
92.7%
bloodcurdlingly
92.7%
extracurricular
92.5%
hyperaggressive
92%
% Correct
straightforward
91.9%
paralinguistics
91.7%
unintentionally
91.7%
criminalization
91.4%
desertification
91.2%
whatchamacallit
91.1%
inconsequential
90.6%
circumstantiate
87.6%
notwithstanding
85.3%
cannibalization
81%
anthropomorphic
80.5%
personification
71.9%

You're not logged in!

Compare scores with friends on all Sporcle quizzes.
OR
Log In
Forgot?

From the Vault

Number Memory Minefield

by sconeyj

The pressure of concentrating this hard just might make your brain explode.
Remove Ads.
Support Sporcle.
Get the best of Sporcle when you Go Orange. This ad-free experience offers more features, more stats, and more fun while also helping to support Sporcle. Thank you for becoming a member.

Show Comments

Extras

Top Quizzes Today


Score Distribution

Your Account Isn't Verified!

In order to create a playlist on Sporcle, you need to verify the email address you used during registration. Go to your Sporcle Settings to finish the process.

Report this User

Report this user for behavior that violates our Community Guidelines.

Details: